[Event "Mitropa Cup 19th"]
[Site "Baden"]
[Date "1999.04.05"]
[Round "5"]
[White "Sax, Gyula"]
[Black "Arlandi, Ennio"]
[Result "1-0"]
[WhiteElo "2520"]
[BlackElo "2445"]
[Annotator "Lukacs"]
[PlyCount "63"]
[EventDate "1999.04.??"]
[EventType "team-tourn"]
[EventRounds "9"]
[EventCountry "SUI"]
[Source "ChessBase"]
[SourceDate "1999.08.01"]

1. e4 c6 2. d4 d5 3. e5 Bf5 4. Nc3 Qb6 5. Bd3 Bxd3 ({Accepting the P sacrifice
is not advisable:} 5... Qxd4 $6 6. Nf3 Qg4 7. h3 {- Borge-Berg, Espergarde PC
1992 CBM 33}) 6. Qxd3 e6 7. Nge2 Qa6 (7... c5 {This is the typical attack
against the [+], but it is a bit early. White can exploit his advantage of
development better if the position is opened.} 8. dxc5 Bxc5 9. O-O Ne7 10. b4
$1 {This is the point.} Qxb4 11. Nb5 Qa5 12. Be3 a6 13. Rab1 axb5 14. Bxc5 Nbc6
15. Rxb5 Qc7 16. Bd6 Qd7 17. Rfb1 Nd8 18. Rc5 $16 {Nataf-Cvorovic, Solin 1997})
(7... Nd7 8. O-O Ne7 9. a4 $1 {/\ a5} c5 (9... Nf5 10. a5 Qd8 11. Nd1 {The N
on c3 is in the way of the c P. White wants to attack the [+] by c2-c4 and Ne3}
h5 {playing for a blockade on the light squares.} 12. Ne3 g6 13. c4 Rc8 14.
cxd5 cxd5 15. Bd2 Be7 16. Rfc1 Nxe3 17. fxe3 {Changing the P structure is good
for White.} O-O 18. Nf4 $16 {Nataf-Dizdarevic, Solin 1997}) 10. a5 Qc6 11. dxc5
$1 {White wants to open up the position in order to make profit from the lack
of development of Black's >>.} (11. a6 {helps only for Black to stabilize the
<<.} c4 12. Qh3 b5 $1 13. Nd1 b4 14. Ne3 g6 15. Bd2 Qb5 16. c3 b3 17. g4 Bg7
18. Ng3 {and still White has got perspectives for a >> onslaught after f4-f5,
Renet-Marchand, FRA-chT 1998.}) 11... Nxe5 12. Qg3 N5g6 (12... N7g6 13. Nd4
Qxc5 14. Be3 Qc8 15. f4 $1 {When the opponent's K is in the middle, it is
necessary to open up the files and diagonals against him.} Nc4 16. f5 Qb8 17.
Qf2 Bd6 18. fxe6 Bxh2+ 19. Kh1 O-O 20. exf7+ Kh8 21. Ne6 $18 {Schandorff-Osterg
chandorff-Ostergaard, Hillerad Politiken 1995}) 13. Nd4 Qxc5 14. Be3 e5 (14...
Qc8 15. f4 $40) 15. Ndb5 Qc6 16. a6 b6 (16... bxa6 $2 17. Rxa6 $11) 17. Rad1 d4
18. Qh3 Nc8 19. Bxd4 $1 $16 {Kotronias-King, New York 1990}) (7... Ne7 8. O-O
Nf5 {/\ h5, but there is no time for securing the N's place.} 9. g4 $1 Nh6 {
(Nataf-Magem Badals, Anibal Linares op 1998)} 10. h3 $16) 8. Qh3 {White is
playing for an ->, so he has to avoid the exchange of queens.} Nd7 (8... b6 9.
O-O Qb7 {Black's only developed piece is the Q.} 10. f4 Ne7 11. g4 g6 12. Ng3
Qd7 13. f5 $16 {Nataf-Kotic, EU Cup Sremic Krsko 1998}) 9. O-O c5 (9... Ne7 10.
Be3 (10. a4 $5)) 10. Be3 (10. a4 $5 {/\ Nb5} Qc6 (10... Rc8 11. Nb5 Nh6 {
Desperation, but finishing the development of the >> is impossible otherwise.}
12. Bxh6 gxh6 13. f4 Qb6 14. f5 $1 a6 15. Nf4 $1 Rc6 16. Qh5 axb5 17. axb5 $18
{1:0 Wells-Mih.Cejtlin, Budapest 1993}) 11. Be3 a6 12. dxc5 Bxc5 13. Qg3 Ne7 {
This is hazardous play.} (13... g6 {was safer.}) 14. Bxc5 Qxc5 15. Qxg7 Rg8 16.
Qxh7 Nxe5 17. Qh5 N7g6 18. Ng3 $16 {Kotronias-S.B.Hansen, Gausdal 1990}) 10...
Ne7 11. dxc5 $1 {The same motif again, White has to open up the position in
order to use his advantage of development.} Nc6 (11... Nxe5 12. b4 $16) 12. a3
Ncxe5 (12... Ndxe5 13. b4 $16 {with a decisive march on the <<.}) 13. b4 Qc4 (
13... Nc4 14. Bd4 Nf6 (14... e5 $2 15. Nxd5 $1 Qc6 16. Ne3 $18) 15. Nf4 $1 Be7
16. b5 Qa5 17. Nxe6 $1 {White has to destroy Black's defensive wall.} fxe6 18.
Qxe6 {and the K cannot castle.} Kf8 19. Nxd5 Nxd5 20. Qxd5 Nd2 21. Qf5+ Ke8 22.
Rfe1 $18 {Sax-Mihalko, HUN-chT2 1995}) 14. f4 Nc6 15. Rad1 Nf6 (15... g6 16. f5
$1 $40) 16. f5 e5 17. Bg5 d4 (17... O-O-O 18. Bxf6 gxf6 19. Qd3 $1 Qxd3 20.
Rxd3 d4 21. Ne4 {the N is ideally posted here.} Be7 22. Rfd1 $16 {/\ c3}) 18.
Bxf6 dxc3 {[#]} (18... gxf6 19. Ne4 Be7 20. Qd3 $16) 19. Bxg7 $1 $18 {White
wants to open up the /^ h3-c8 in order to penetrate on d7.} Bxg7 20. f6 Bxf6 (
20... Bh6 {is no escape from trouble.} 21. Qd7+ Kf8 22. Qxb7 Re8 23. Qxc6 Qxe2
24. Rfe1 Qh5 25. Rd7 Kg8 26. Rd3 Rf8 27. Rg3+ Bg5 28. Qd5 $18) 21. Rxf6 Rd8 22.
Rxd8+ Nxd8 23. Qe3 Ne6 24. Qxe5 O-O 25. Rf3 Rd8 26. Rxc3 {White is already two
pawns up.} Qa2 27. h3 Qb1+ 28. Kh2 Rd1 29. Ng3 Re1 30. Qf6 Qa1 31. b5 Re3 32.
Nf5 $1 1-0

[Event "Mitropa Cup 19th"]
[Site "Baden"]
[Date "1999.04.05"]
[Round "5"]
[White "Stangl, Markus"]
[Black "Olivier, Jean Christophe"]
[Result "1/2-1/2"]
[WhiteElo "2545"]
[BlackElo "2421"]
[Annotator "Alterman,B"]
[PlyCount "99"]
[EventDate "1999.04.??"]
[EventType "team-tourn"]
[EventRounds "9"]
[EventCountry "SUI"]
[Source "ChessBase"]
[SourceDate "1999.08.01"]

1. Nf3 c5 2. c4 g6 3. d4 cxd4 4. Nxd4 Nc6 5. e4 Nf6 6. Nc3 d6 7. Nc2 Bg7 8. Be2
O-O 9. O-O Ne8 10. Bd2 Nc7 11. Kh1 f5 12. exf5 Bxf5 13. f4 Bd7 14. Ne3 (14. Be3
$1 {Looks more natural.}) 14... Nd4 15. Bg4 $1 {The right dicision. Black has
a weak pawn structure in the centre, and after the exchange of pieces white
will get some advantage.} Qc8 16. Rc1 Bxg4 17. Nxg4 Qf5 18. Re1 {[%cal Ge1e7,
Rd2e3]} e5 $2 (18... Rae8 19. Be3 e5 20. fxe5 dxe5 21. Nh6+ Bxh6 22. Bxh6 Rf7
23. Be3 $14) 19. fxe5 dxe5 20. Rxe5 $1 {[%cal Gg4h6]} Qd7 21. Be3 Rad8 22. Re4
Nc6 23. Qxd7 Rxd7 $16 24. h3 $6 (24. Nf2 Rdf7 25. Kg1 $16) 24... Rd3 25. Nb5
Re8 26. Rxe8+ Nxe8 27. Re1 Bxb2 28. Nxa7 Nxa7 29. Bxa7 Nd6 30. c5 Nf5 {It's
easy to see that white lost his advantage. The black pieces stand very active
and it is difficult to improve White's material advantage.} 31. Bb8 Rd2 32. Bf4
Rc2 33. Re8+ Kf7 34. Rb8 Bd4 $1 35. Ne5+ (35. Nh6+ Nxh6 36. Bxh6 Rxa2 37. Rxb7+
Ke6 38. Rxh7 Be5 $1 $11) 35... Ke6 36. Nf3 Bxc5 37. Rxb7 Rxa2 38. Rxh7 Ra1+ 39.
Kh2 Bd6 40. Ng5+ Kd5 41. Bxd6 Kxd6 42. Rb7 Ra6 43. Rb2 Ke7 44. g4 Nd4 45. Kg3
Kf6 46. Kh4 Nf5+ 47. gxf5 Ra4+ 48. Kg3 Kxg5 49. fxg6 Kxg6 50. h4 1/2-1/2

[Event "Mitropa Cup 19th"]
[Site "Baden"]
[Date "1999.04.05"]
[Round "5"]
[White "Stohl, Igor"]
[Black "Polak, Tomas"]
[Result "1/2-1/2"]
[WhiteElo "2573"]
[BlackElo "2488"]
[PlyCount "55"]
[EventDate "1999.04.??"]
[EventType "team-tourn"]
[EventRounds "9"]
[EventCountry "SUI"]
[Source "ChessBase"]
[SourceDate "1999.08.01"]

1. d4 Nf6 2. Nf3 e6 3. c4 b6 4. a3 Bb7 5. Nc3 d5 6. Bg5 Be7 7. Qa4+ c6 8. Bxf6
Bxf6 9. cxd5 exd5 10. g3 O-O 11. Bg2 Nd7 12. O-O Be7 13. Rad1 f5 14. Ne5 Nxe5
15. dxe5 a5 16. Qc2 Qb8 17. Na4 Qa7 18. Rc1 Rac8 19. e3 Ba6 20. Rfd1 Bc4 21.
Nc3 Kh8 22. Bh3 g6 23. e4 dxe4 24. Nxe4 Bd5 25. Nc3 Bg8 26. Bg2 b5 27. Ne2 a4
28. Nd4 1/2-1/2

[Event "Mitropa Cup 19th"]
[Site "Baden"]
[Date "1999.04.05"]
[Round "5"]
[White "Tratar, Marko"]
[Black "Hug, Werner"]
[Result "1-0"]
[WhiteElo "2450"]
[BlackElo "2473"]
[Annotator "Ribli"]
[PlyCount "119"]
[EventDate "1999.04.??"]
[EventType "team-tourn"]
[EventRounds "9"]
[EventCountry "SUI"]
[Source "ChessBase"]
[SourceDate "1999.08.01"]

1. Nf3 g6 2. d4 Bg7 3. c4 d6 4. Nc3 a6 $6 {Die Stellung ist geschlossen und
Schwarz wird daher mit diesem Tempoverlust leben können. Angesichts der
Alternativen gefällt mir der Zug nicht. Ribli.} 5. e4 {Die prinzipielle
Fortsetzung. Weiß hat Übergewicht im Zentrum.} (5. h3 Nd7 (5... c6 6. e4 b5 7.
a3 Nd7 8. Be3 bxc4 9. Bxc4 Nb6 10. Ba2 a5 11. Qb3 e6 12. d5 c5 13. dxe6 Bxe6
14. Qb5+ Bd7 15. Qd3 {1-0 Giehring,S-Sperlich,O/BL2-N 1990/GER-chT2 (41)}) 6.
e4 e5 7. d5 Ne7 8. g4 O-O 9. Rg1 Kh8 10. Bg5 f6 11. Be3 f5 12. Bd3 Nf6 13. gxf5
gxf5 14. exf5 Nxf5 15. Bxf5 Bxf5 16. Qd2 Qe7 17. O-O-O b5 {0-1 Laketic,
G-Davies,N/Saint Vincent 1999/CBM 68 ext (33)}) 5... Bg4 (5... h6 6. h3 e6 7.
Bd3 Ne7 8. O-O b6 9. Rb1 Nd7 10. b4 c5 11. Ne2 Nc6 12. bxc5 bxc5 13. d5 exd5
14. cxd5 Nce5 15. Nxe5 Nxe5 16. Bc2 f5 17. exf5 Bxf5 18. Bxf5 gxf5 19. Nf4 {
1-0 Zhurina,E-Lungu,T/St.Petersburg 1995/EXT 97 (26)}) 6. Be3 (6. Be2 Bxf3 7.
Bxf3 Nc6 8. Be3 e5 9. d5 Nd4) 6... Nf6 {Die Alternative Nc6 wäre logischer als
dieser schablonenhafte Zug.} (6... Nc6 $5 {[%csl Yd4]} 7. Be2 Bxf3 8. Bxf3 e5
9. d5 Nd4) 7. Be2 O-O 8. Nd2 {Der Tausche der weißfeldrigen Läufer ist
prinzipiell eine gute Idee.} (8. O-O $14) 8... Bxe2 9. Qxe2 e5 (9... c6 {[%cal
Gb7b5]} 10. a4 a5 {[%csl Yb4][%cal Gb8a6,Ga6b4]} 11. O-O $14 {Schwarz kann mit
...Na6-b4 ein Vorpostenfeld besetzen, aber die weiße Übermacht im Zentrum
scheint mir wichtiger zu sein.}) 10. d5 $14 {Der schwarze Läufer steht passsiv
auf g7, während der weiße Raumvorteil hat.} c5 {Jetzt ist, typisch für die
Königsindische Verteidigung, das Zentrum geschlossen.  Weiß plant a2-a3 /
b2-b4 oder eventuell auch g2-g3 / f2-f4 zu spielen, während Schwarz
normalerweise ...f7-f5, möglicherweise aber auch ...b7-b5 durchsetzt.} 11. Rb1
{Weiß folgt dem traditionellen Plan. Er bereitet den Zug b2-b4 vor.} (11. dxc6
bxc6 $11 {Weiß hat die etwas aktivere Stellung, aber der schwarze c6-Bauer
kontrolliert das wichtige Zentrumsfeld d5.} (11... Nxc6 12. O-O $14 {[%csl Yd5,
Rd6]})) 11... Nh5 {[%cal Gh5f4]} 12. g3 Nd7 (12... f5 $6 13. exf5 Rxf5 {
Theoretisch wäre es für Schwarz besser, mit dem g-Bauern zurückzuschlagen,
aber sein Springer auf h5 hängt dann.} 14. Nde4 $14 {[%csl Ge4]}) 13. O-O b6
14. a3 {[%cal Gb2b4]} Qe8 $5 {[%cal Ge8h5] Schwarz bereitet den Zug 15...f5
vor. Er verteidigt den Springer h5 mit der Dame, um nach exf5 mit dem Bauern
zurückschlagen zu können.} 15. b4 f5 {[%csl Re3][%cal Rf5f4] Ein sehr
typischer Zug in der Königsindischen Verteidigung. Schwarz hat Gegenchancen am
Königsflügel.} 16. bxc5 bxc5 (16... f4 17. c6 fxe3 18. cxd7 exf2+ 19. Rxf2 Qxd7
20. Rxf8+ Rxf8 21. Rxb6 Qa7 22. c5 dxc5 23. Rxa6 $16 (23. Nc4 $16)) 17. Nf3 {
[%csl Ye6][%cal Gf3g5,Gg5e6] Weiß schafft seinem Läufer ein Feld, denn es
drohte ...f5-f4. Der Springer möchte möglichst e6 erreichen.} h6 (17... f4 18.
Bd2 $14) 18. Bd2 (18. Rb7 $14) 18... Ra7 19. Kg2 Qf7 {Schwarz hält die
Spannung aufrecht. Das ist hier sicher die beste Strategie.} 20. Rb3 {[%cal
Gf1b1,Gb1b7]} Nhf6 21. exf5 (21. Rfb1 fxe4 22. Nxe4 Nxe4 23. Qxe4 Nf6 24. Qe2
e4 $132) 21... gxf5 22. Nh4 {[%csl Rf5]} Nh7 (22... f4 23. Rfb1 $14 {[%csl Ye4]
} (23. gxf4 $5)) 23. Rfb1 Ng5 24. Rb7 (24. f4 $5 exf4 25. Bxf4 {[%csl Rd6]
[%cal Rf4d6]} Re8 26. Qc2 $16 {[%csl Rf5]}) 24... Rxb7 25. Rxb7 {[%csl Gb7]
[%cal Gb7g7] Der Turm ist auf der 7. Reihe sehr unangenehm für Schwarz. Er
kann ihn im folgenden aber tauschen.} e4 $5 {[%cal Gc3d1,Gd1e3,Ge3f5] Schwarz
öffnet die Diagonale des Läufers und erreicht etwas Gegenspiel.} 26. f4 (26.
Ra7 $5 {[%csl Ra6]}) 26... exf3+ (26... Nh7 $2 27. Nd1 $16 {[%cal Gd1e3,Ge3f5,
Gh4f5] Der f5-Bauer ist schwach. Schwarz steht passiv.}) 27. Nxf3 Re8 $11 {
[%cal Ge8e1]} 28. Qf1 {[%csl Rf5][%cal Gf3h4,Gh4f5]} (28. Qd3 Nxf3 29. Qxf3 $11
) 28... Nxf3 29. Qxf3 Re7 {[%cal Ge7b7] Schwarz möchte den b7-Turm abtauschen.}
30. Nd1 $1 {[%csl Rf5][%cal Gd1e3,Ge3f5] Weiß findet im schwachen Bauern f5
ein Angriffsziel.} Ne5 31. Rxe7 Qxe7 32. Qe2 Qb7 $5 {[%cal Gb7b1]} 33. Bf4 (33.
Ne3 Qb1 {[%cal Gb1e4]}) 33... Qb1 {[%csl Gb1] Die schwarze Dame ist aktiv.} 34.
Bxe5 Bxe5 (34... dxe5 35. Ne3 $14 (35. d6 Bf8 36. Nc3 (36. d7 Qb7+) 36... Qb7+
37. Nd5 Bxd6 38. Qh5 $14)) 35. Ne3 Bd4 $6 (35... Kg7 $5 36. Qf3 (36. Qh5 Qe4+
37. Qf3 Kg6 $11) 36... Kg6 $11) 36. Nc2 $14 {[%cal Ge2e8]} Be5 (36... Qg1+ 37.
Kh3 $14) 37. Qd3 {[%csl Rf5][%cal Rd3f5]} Qa2 {[%cal Ga2g2]} 38. Kh3 {Weiß
möchte Ne3 spielen.} (38. Qxf5 Qxc4 $11) 38... Kg7 (38... f4 39. Qg6+) 39. Ne3
f4 40. Nf5+ Kf6 41. Nxh6 $16 {Weiß besitzt einen Mehrbauern und sein Springer
ist dem schlechten schwarzen Läufer überlegen.} Kg7 42. Nf5+ Kf6 43. Nh4 {
[%cal Gh4f3]} fxg3 44. hxg3 {[%csl Gg3] In der weißen Stellung ist alles
verteidigt. Schwarz hat keinerlei Kompensation für den Bauern. Der weiße
g-Bauer ist für ihn bereits sehr gefährlich.} Qa1 45. Kg4 Qd4+ 46. Qxd4 cxd4 (
46... Bxd4 47. Nf3 Bb2 48. a4 $16 {[%csl Gg3]}) 47. Kf3 (47. Nf3 d3 48. Nd2 $16
(48. Nxe5 d2 $19 {[%csl Gd2]})) 47... d3 {Schwarz gibt den d-Bauern für den
g-Bauern auf. In diesem Endspiel ist der Springer dem Läufer so weit überlegen,
daß selbst das reduzierte Material dem Schwarzen keine Remischancen bietet.}
48. Ke3 Bxg3 49. Nf3 {[%csl Rd3]} d2 50. Nxd2 {[%cal Rd2e4,Re4f6,Re4g3]} (50.
Kxd2 Kf5 51. Ke3 $16) 50... Kf5 (50... Ke7 $16) 51. Nb3 Ke5 52. Kd3 Bf2 53. Na5
{[%cal Ga5c6]} Kf5 54. Nc6 {[%csl Gc6,Rf5] Der Springer steht sehr gut auf c6.
Er schneidet den schwarzen König ab.} Bb6 55. a4 {Es ist logisch, die Bauern
auf weißen Feldern zu plazieren.} a5 {Schwarz spielt diesen Zug freiwillig,
bevor ihn der Weiße mit Nb4 oder Nb8 dazu zwingt.} 56. c5 $1 dxc5 (56... Bxc5
57. Nxa5 Ke5 58. Kc4 $18 {[%csl Ga4] Die weiße Drohung  Nc6+ nebst a5-a6-a7
ist tödlich.}) 57. Kc4 {[%csl Gc6,Rf5][%cal Gd5e6,Gc6e5]} Kf6 58. Kb5 c4 (58...
Bc7 59. Kxc5 $18 {[%csl Ra5][%cal Rd5d6]} (59. Nxa5 $2 Ke5 $11)) 59. Kxb6 (59.
Kxc4 $18 {[%csl Ra5][%cal Rc4b5]}) 59... c3 60. Nxa5 {Schwarz gab auf. Weiß
kann den c-Bauern mit dem Springer aufhalten.} (60. Nxa5 c2 61. Nb3 $18) 1-0

[Event "Mitropa Cup 19th"]
[Site "Baden"]
[Date "1999.04.07"]
[Round "6"]
[White "Acs, Peter"]
[Black "Plachetka, Jan"]
[Result "1-0"]
[WhiteElo "2521"]
[BlackElo "2395"]
[Annotator "Hecht"]
[PlyCount "105"]
[EventDate "1999.04.??"]
[EventType "team-tourn"]
[EventRounds "9"]
[EventCountry "SUI"]
[Source "ChessBase"]
[SourceDate "1999.08.01"]

1. e4 e5 2. Nf3 Nc6 3. Bb5 Nf6 4. O-O Nxe4 5. d4 Nd6 6. Bxc6 dxc6 7. dxe5 Nf5
8. Qxd8+ Kxd8 9. Nc3 Ke8 10. h3 Ne7 11. Ne4 Ng6 12. Re1 c5 13. Be3 b6 14. Rad1
Bb7 15. Bc1 Bxe4 16. Rxe4 Be7 17. Nh2 Rd8 18. Rxd8+ Kxd8 19. f4 f5 20. exf6
Bxf6 21. Nf3 Ne7 22. g4 g6 23. Kg2 Rf8 24. c3 Kd7 25. Re1 b5 26. Be3 Nd5 27.
Bxc5 Nxf4+ 28. Kg3 Rf7 29. Bxa7 Nd5 30. Bd4 Bxd4 31. Nxd4 {[#]  Lavieren bei
einem weißen Mehrbauern.  Taktikfinale: Turmbeherrschung} c6 32. Nf3 Kd6 33.
Ng5 Ra7 34. a3 Nb6 35. Kf4 Nd5+ 36. Kg3 Nb6 37. Ne4+ Kd5 38. Nf6+ Kd6 39. Re2
Nc4 40. Kf4 Re7 41. Ne4+ Kc7 42. g5 Re5 43. b3 Rf5+ 44. Kg4 Ne5+ 45. Kg3 Rf3+
46. Kg2 Rd3 47. Nc5 Rd5 48. b4 {[#]  Der weiße Springer steht dominant. Zu
versuchen war jetzt Sd3 oder Sc4. Der Textzug ist ein Fehler, der entscheidend
Material kostet.} Kd6 $2 49. Ne4+ Ke6 (49... Kc7 50. Nf6 $18) 50. Nf6 Rd3 51.
Ng4 Rd5 52. a4 $1 {[%cal Ra4a5]} bxa4 53. c4 1-0

[Event "Mitropa Cup 19th"]
[Site "Baden"]
[Date "1999.04.07"]
[Round "6"]
[White "Almasi, Zoltan"]
[Black "Stohl, Igor"]
[Result "1-0"]
[WhiteElo "2665"]
[BlackElo "2573"]
[Annotator "Hansen,Cu"]
[PlyCount "81"]
[EventDate "1999.04.??"]
[EventType "team-tourn"]
[EventRounds "9"]
[EventCountry "SUI"]
[Source "ChessBase"]
[SourceDate "1999.08.01"]

1. e4 {Lukacs Baburin} c6 2. d4 d5 3. Nc3 dxe4 4. Nxe4 Bf5 5. Ng3 Bg6 6. h4 h6
7. Nf3 Nf6 8. Ne5 Bh7 9. Bd3 Bxd3 10. Qxd3 e6 11. Bf4 Be7 12. O-O-O Nbd7 13.
Qe2 {By the modern moveorder 7. - Nf6 black has gone into the type of
Caro-Kann position where black castles short. This was supposed to be to
dangerous until Larsen showed that black has reasonable counterplay with
a7-a5-a4-a3 or c6-c5. Normally with this structure white's h-P is on h5. Now
it is only on h4. Has white been tricked? Not at all. The P is useful on h5 in
endings which usually arise when black castles to the Q-side. If black castles
to the K-side it is much better for white to have the h-P on h4 as g4-g5 is
easier achieved. This idea of keeping the P on h4 in connection with short
castle by black was used by Larsen with white in his game against Rasmussen in
Esbjerg 1988.} (13. Nxd7 {Lukacs: Gives up the stronghold, therefore it is
hard to believe that it can yield to any advantage for White.} Qxd7 14. Be5
O-O-O 15. Kb1 Rhg8 16. Qe2 Bd6 17. c4 Qe7 18. f4 Bc7 19. Qf3 Rd7 20. Bxc7 {1/2:
1/2 Z.Almasi-Asrian, Groningen Festival 1998}) 13... O-O 14. Kb1 Qb6 $6 {
Lukacs: 'leaves the Nd7 unattended.'} (14... a5 $5 {[%cal Ya5a4,Ya4a3] is the
normal way to play - with whites h-P on h5.}) (14... a5 {Lukacs /\ a4-a3 is
the typical counterattack for Black} 15. c4 a4 16. Rd3 Rc8 17. Ne4 Nxe4 18.
Qxe4 Nxe5 19. dxe5 Qb6 20. Be3 Bc5 $11 21. Bxh6 $5 {This is an interesting try,
but White has no more than a draw.} gxh6 22. Rg3+ Kh8 23. Qf4 Kh7 24. Qf6 Rg8
25. Qxf7+ Kh8 26. Qf6+ Kh7 $11 {Ivanchuk-Anand, Chess Classic Giants rapid 1998
}) 15. Nxd7 {'!' Lukacs.  Lukacs: 'This is an original idea! The good defender
N on f6 has to leave.'} (15. Rd3 {Lukacs} Rad8 {defending the N and preparing
operations on the d <->.} 16. c4 ({Now} 16. Nxd7 {is useless because of} Rxd7)
16... Nxe5 $1 17. Bxe5 (17. dxe5 $2 {is a big mistake on account of} Rxd3 18.
Qxd3 Ng4 $17 {Shabalov-Yermolinsky, Los Angeles 1998}) 17... c5 $11) 15... Nxd7
16. Rd3 $16 {[%csl Rh6][%cal Yg3e4,Yg2g4,Yg4g5,Yd3g3,Ye2h5] '!' Baburin.  '!'
Lukacs.  With ideas such as Ne4 followed by either g2-g4-g5 or Rg3 and Qh5.  
Baburin: 'White prepares to shift this rook to the kingside - a very typical
attacking technique.'   Lukacs: 'The R has many functions on the third rank.'}
Qb5 {'!?' Lukacs.} (16... Rad8 $2 {Lukacs} 17. Rb3 $1 {This was one of the
nasty threats!} Qa6 (17... Qxd4 $2 18. Bc7 {winning the exchange.} Nc5 (18...
Rc8 19. Rd1 $18) 19. Bxd8 Nxb3 20. Bxe7 $18) 18. Qxa6 bxa6 19. Rb7 $18) (16...
c5 $6 {Lukacs} 17. Nf5 $1) (16... Qa6 $6 {Lukacs} 17. Nf5 $1) (16... Qa5 {
Lukacs} 17. c4 {controlling all the squares on the fifth rank.}) (16... Rfe8 $1
{Lukacs comes into consideration defending the Be7.}) 17. Rc1 {'!' Baburin. 
'!' Lukacs.  Lukacs: '/\ c4 is a very subtle move again. White is not afraid
leaving the h P undefended, because the h <-> will serve well for an ->.'} Rfe8
(17... Bxh4 {Lukacs} 18. c4 Qa5 19. c5 $44) 18. c4 Qa5 19. Bd2 Qd8 (19... Bb4
$2 {Lukacs} 20. Ra3 $1 Qb6 21. c5 $18) 20. Nh5 $5 {'!' Lukacs.  An extra
option compared to lines with the h4-P on h5. White's Ng3 - which is often in
the way of the g2-P - finds a usefull attacking square.   Lukacs: 'The ->
begins!'} Bxh4 {'?' Baburin.  Baburin: 'It is too risky to open the h-file.'} (
{Perhaps,} 20... Nf6 {Baburin} 21. Rg3 (21. Nxg7 $6 Kxg7 22. Rg3+ Kh7 23. Qd3+
Kh8 24. Bxh6 Rg8 25. Bg5) (21. Bxh6 $1 {Lukacs} gxh6 22. Rg3+ Kf8 ({RR:} 22...
Kh8 $1 23. Qe3 Bf8 24. Qe5 Bd6 25. Qe3 $11) 23. Qe3 Ng8 24. Rxg8+ $1 Kxg8 25.
Qxh6 $18) 21... Nxh5 22. Qxh5 Bf6 {was worth considering}) 21. Rh1 {'!'
Baburin.} Nf8 {'?!' Lukacs.} (21... Bf6 22. Rg3 {Lukacs} Kf8 (22... Bxd4 23.
Bxh6) 23. Bb4+ Kg8 24. Qg4 g6 25. Bd2 $40) 22. Nxg7 {'!!' Baburin.  '+-!'
Lukacs.  Lukacs: 'White has to destroy the defender P barricade.'} (22. Qe5 {
Baburin} Bf6 (22... f6 23. Qe3 f5 24. Nxg7 $18) 23. Nxf6+ Qxf6 24. Qxf6 gxf6
25. Rxh6 Ng6 $16) 22... Kxg7 23. Qh5 Ng6 24. Qxh6+ Kg8 25. Rg3 $18 {[%cal
Rh1h4] Baburin: 'Now it's all over.' Lukacs: 'This is the brilliant point.'}
Bxg3 {Lukacs: 'Other moves also fail to hold the position:'} (25... Bf6 $2 {
Lukacs} 26. Rxg6+ $1 fxg6 27. Qh7+ $18) (25... Qxd4 $2 {Lukacs} 26. Bc3 Qe4+
27. Ka1 $18) 26. Qh7+ Kf8 27. Bh6+ Ke7 28. Bg5+ Kf8 (28... Kd6 {Lukacs} 29. c5+
$1 ({It is not late to blunder:} 29. Bxd8 $2 Rh8) 29... Kd5 30. Qh5 $1 $18) 29.
Bxd8 Raxd8 30. fxg3 Rxd4 31. Rf1 {Lukacs: 'Now materially White is better, but
he has to continue the ->, otherwise Black can build up a fortress.'} Re7 (
31... Rd7 {Lukacs} 32. Kc2 $1 (32. Qxg6 $2 Rd1+ $1)) 32. Rf4 {'!' Lukacs.} (32.
Qxg6 $4 Rd1+) 32... Rxf4 (32... e5 {Lukacs} 33. Rf6 Rg4 34. Rd6 $18) 33. gxf4
Rd7 34. b3 Ke7 35. Qh6 c5 36. g4 {Lukacs: 'There is no defence against the
advance of the >> pawns.'} b6 37. Qg5+ Kd6 38. f5 Ne5 39. fxe6 fxe6 40. Qg8 Kc7
{'?' Lukacs.} (40... Nc6 {Lukacs} 41. g5 Nd4 42. g6 Nf5 43. Qf8+ $18) 41. Qxe6
1-0